| 000 | 00902nas a2200289 4500 | ||
|---|---|---|---|
| 001 | BR2014007211 | ||
| 003 | BR-BrBNA | ||
| 005 | 20231205124720.0 | ||
| 007 | ta | ||
| 008 | 230509b bl.|||p| |||| 00| 00por d | ||
| 040 |
_aBR-BrBNA _bpor _cBiblioteca Nacional de Agricultura |
||
| 041 | _a(Pt) | ||
| 072 | _aF03 | ||
| 100 | 1 | _aSchulz, D.G. | |
| 100 | 1 | _aFey, R. | |
| 100 | 1 | _aHerzog, N.F.M. | |
| 100 | 1 | _aMalavasi, M. de M. | |
| 100 | 1 | _aMalavasi, U.C. | |
| 245 | 1 | _aEfeito da temperatura e substrato na germinação de sementes de açoita-cavalo (Luehea divaricata Mart.) | |
| 650 | _aAÇOITA CAVALO | ||
| 650 | _aSEMENTE | ||
| 650 | _aGERMINAÇÃO | ||
| 650 | _aSUBSTRATO DE CULTURA | ||
| 773 | 0 |
_tRevista de Ciências Agroveterinárias (Brazil) _xISSN 1676-9732 _g(Jan-Apr 2013), v. 15(1) p. 51-58 _wBR2014007211 |
|
| 909 |
_a202311 _bLúcia _c55 _dLúcia Elande |
||
| 942 |
_2AGRIS _n0 _cANA |
||
| 999 |
_c240536 _d240536 |
||